Holiday Quiz

Random Holiday or Judaism Quiz

Who knows ...? Quiz Stats

 Plays Quiz not verified by Sporcle

Score 0/13 Timer 05:00
1 Play Today
% Correct
7
81.4%
10
79.4%
1
73.2%
9
72.2%
2
63.9%
5
52.6%
12
45.4%
8
37.1%
11
34%
3
26.8%
4
26.8%
13
26.8%
6
17.5%

You're not logged in!

Compare scores with friends on all Sporcle quizzes.
OR
Log In

Show Comments

Extras

Top Quizzes Today


Score Distribution

Your Account Isn't Verified!

In order to create a playlist on Sporcle, you need to verify the email address you used during registration. Go to your Sporcle Settings to finish the process.

Report this User

Report this user for behavior that violates our Community Guidelines.

Details: